[Event "GER-ch Net Amateur Gr-C Vor3"]
[Site "Playchess.com INT"]
[Date "2020.04.16"]
[Round "8"]
[White "Geier, Nicolai"]
[Black "Weckerle, Anatol"]
[Result "0-1"]
[WhiteElo "1620"]
[BlackElo "1333"]
[PlyCount "76"]
[EventDate "2020.04.16"]
[EventType "swiss (blitz)"]
[EventRounds "9"]
[EventCountry "GER"]
[SourceTitle "CBM 195 Extra"]
[Source "ChessBase"]
[SourceDate "2020.05.31"]
[SourceVersion "1"]
[SourceVersionDate "2020.05.31"]
[SourceQuality "1"]

1. e4 c5 2. c4 Nc6 3. d3 e6 4. Nf3 Qc7 5. Ng5 Be7 6. Qf3 Ne5 7. Qf4 f6 8. Nf3 d6 9. Nxe5 dxe5 10. Qg4 g6 11. f4 f5 12. Qg3 Bd6 13. Nc3 exf4 14. Qg5 Bd7 15. Qf6 Nxf6 16. Nb5 Bxb5 17. cxb5 Qa5+ 18. Bd2 Qxb5 19. b3 Qd7 20. Be2 Ng4 21. h3 Nf6 22. 0-0 fxe4 23. dxe4 Nxe4 24. Rad1 Qc7 25. Bc3 Rf8 26. Bg7 Qxg7 27. Bb5+ Ke7 28. Rde1 Ng3 29. Rf2 f3 30. Kh2 Nf5+ 31. Kh1 fxg2+ 32. Rxg2 Nd4 33. Rd1 Nxb5 34. Rgg1 Rf6 35. Rdf1 Raf8 36. Kg2 Rxf1 37. Rxf1 Qb2+ 38. Kg1 Qh2# 0-1

[Event "GER-ch Net Amateur Gr-C Vor3"]
[Site "Playchess.com INT"]
[Date "2020.04.16"]
[Round "6"]
[White "Niese, Juergen"]
[Black "Weckerle, Anatol"]
[Result "1-0"]
[WhiteElo "1052"]
[BlackElo "1385"]
[PlyCount "77"]
[EventDate "2020.04.16"]
[EventType "swiss (blitz)"]
[EventRounds "9"]
[EventCountry "GER"]
[SourceTitle "CBM 195 Extra"]
[Source "ChessBase"]
[SourceDate "2020.05.31"]
[SourceVersion "1"]
[SourceVersionDate "2020.05.31"]
[SourceQuality "1"]

1. d4 Nf6 2. c4 e5 3. dxe5 Ng4 4. e3 d6 5. exd6 Bxd6 6. Be2 Nxf2 7. Kxf2 Bg3+ 8. hxg3 Qxd1 9. Bxd1 0-0 10. Nc3 b6 11. Bc2 Bb7 12. Bxh7+ Kh8 13. Be4+ Kg8 14. Bxb7 Nc6 15. Bxa8 Rxa8 16. b3 Ne5 17. Nf3 Ng4+ 18. Ke2 Nf6 19. Bb2 g6 20. Rad1 c5 21. Nb5 Nh7 22. Rd7 a6 23. Nc7 Rf8 24. Nd5 f6 25. g4 Rf7 26. Rxf7 Kxf7 27. Nxb6 Nf8 28. Rd1 Ne6 29. Rd7+ Ke8 30. Bxf6 Kf8 31. Ne5 a5 32. Nxg6+ Kg8 33. Re7 a4 34. Rxe6 Kh7 35. Nf8+ Kg8 36. Nfd7 axb3 37. axb3 Kh7 38. Be5 Kg8 39. g5 1-0

[Event "GER-ch Net Amateur Gr-C Vor3"]
[Site "Playchess.com INT"]
[Date "2020.04.16"]
[Round "9"]
[White "Weckerle, Anatol"]
[Black "Heutling, Thomas"]
[Result "1-0"]
[WhiteElo "1347"]
[BlackElo "1469"]
[PlyCount "77"]
[EventDate "2020.04.16"]
[EventType "swiss (blitz)"]
[EventRounds "9"]
[EventCountry "GER"]
[SourceTitle "CBM 195 Extra"]
[Source "ChessBase"]
[SourceDate "2020.05.31"]
[SourceVersion "1"]
[SourceVersionDate "2020.05.31"]
[SourceQuality "1"]

1. c4 d6 2. g3 Nf6 3. Bg2 Nbd7 4. Nc3 e5 5. e3 c6 6. Nge2 Qc7 7. a3 Nc5 8. d3 Bg4 9. f3 Be6 10. 0-0 Be7 11. b4 Ncd7 12. f4 Bg4 13. h3 Bh5 14. g4 Bxg4 15. hxg4 Nxg4 16. fxe5 dxe5 17. Ng3 e4 18. Qxg4 0-0 19. dxe4 Ne5 20. Qe2 Bh4 21. Nf5 Qe7 22. Nxh4 Qxh4 23. Qf2 Qe7 24. Ne2 Rad8 25. Nd4 Ng4 26. Qe2 Qh4 27. Nf3 Qh5 28. Bb2 Rd6 29. Be5 Re6 30. Bg3 Rxe4 31. Nh2 Rfe8 32. Nxg4 Rxe3 33. Nf6+ gxf6 34. Qxh5 Rxg3 35. Qh4 Rg5 36. Rxf6 Re2 37. Qxg5+ Kf8 38. Raf1 Rxg2+ 39. Qxg2 1-0

[Event "GER-ch Net Amateur Gr-C Vor2"]
[Site "Playchess.com INT"]
[Date "2020.04.15"]
[Round "5"]
[White "Weckerle, Anatol"]
[Black "Hausmann, Heiko"]
[Result "1-0"]
[WhiteElo "1280"]
[BlackElo "1491"]
[PlyCount "141"]
[EventDate "2020.04.15"]
[EventType "swiss (blitz)"]
[EventRounds "9"]
[EventCountry "GER"]
[SourceTitle "CBM 196 Extra"]
[Source "ChessBase"]
[SourceDate "2020.07.31"]
[SourceVersion "1"]
[SourceVersionDate "2020.07.31"]
[SourceQuality "1"]

1. c4 Nf6 2. g3 c6 3. Bg2 d5 4. Nf3 dxc4 5. Na3 Bf5 6. Nxc4 e6 7. 0-0 h6 8. d3 Be7 9. a3 Nbd7 10. Nce5 Nxe5 11. Nxe5 Qa5 12. Nxc6 Qc7 13. Nxe7 Qxe7 14. Qa4+ Kf8 15. Qb3 Rb8 16. Bd2 Kg8 17. Bb4 Qd7 18. e4 Bg6 19. Rad1 b6 20. Bc3 Kh7 21. Bxf6 gxf6 22. Rc1 Rhc8 23. Qd1 Rxc1 24. Qxc1 Rc8 25. Qd2 f5 26. Rc1 Rxc1+ 27. Qxc1 Qxd3 28. exf5 Bxf5 29. Qc3 Qd1+ 30. Bf1 Bh3 31. Qd3+ Qxd3 32. Bxd3+ Kg7 33. f4 Bg4 34. Kf2 Bd1 35. Ke3 f6 36. Kd4 Bb3 37. Kc3 Bd5 38. b4 e5 39. fxe5 fxe5 40. Be2 Kf6 41. Kd3 e4+ 42. Kd4 Bb7 43. Bg4 Kg5 44. Be6 h5 45. Ke3 h4 46. gxh4+ Kxh4 47. h3 Kg3 48. Ke2 a6 49. Ke3 b5 50. Ke2 Bc6 51. Ke3 Be8 52. Ke2 Bg6 53. Ke3 Kh4 54. Kf4 Bh7 55. Bc8 a5 56. bxa5 Kh5 57. Bd7 e3 58. Kxe3 Bd3 59. Kxd3 Kg5 60. Kd4 Kf6 61. Kc5 Ke7 62. Bxb5 Kf6 63. a6 Kg5 64. a7 Kh4 65. a8Q Kxh3 66. Qe4 Kg3 67. Qe3+ Kg4 68. Bc6 Kf5 69. Qe4+ Kg5 70. Bd7 Kf6 71. Qf5+ 1-0

[Event "GER-ch Net Amateur Gr-C Vor2"]
[Site "Playchess.com INT"]
[Date "2020.04.15"]
[Round "2"]
[White "Weckerle, Anatol"]
[Black "Roos Nazario, Valentin1111"]
[Result "1/2-1/2"]
[WhiteElo "1232"]
[BlackElo "1382"]
[PlyCount "140"]
[EventDate "2020.04.15"]
[EventType "swiss (blitz)"]
[EventRounds "9"]
[EventCountry "GER"]
[SourceTitle "CBM 196 Extra"]
[Source "ChessBase"]
[SourceDate "2020.07.31"]
[SourceVersion "1"]
[SourceVersionDate "2020.07.31"]
[SourceQuality "1"]

1. c4 e5 2. g3 Bc5 3. Bg2 Nf6 4. e3 d5 5. a3 Nc6 6. b4 Be7 7. cxd5 Nxd5 8. Ne2 Be6 9. Nbc3 0-0 10. 0-0 Qd7 11. e4 Nxc3 12. dxc3 Rad8 13. Bb2 Bc4 14. Qxd7 Rxd7 15. Rfe1 Rfd8 16. Bf1 Rd2 17. Bc1 R2d6 18. Be3 Bxe2 19. Bxe2 a5 20. Red1 Rxd1+ 21. Rxd1 Rxd1+ 22. Bxd1 axb4 23. axb4 b6 24. Be2 Nd8 25. Bd2 Ne6 26. f3 g6 27. Kg2 f5 28. exf5 gxf5 29. f4 e4 30. Be3 Kg7 31. g4 fxg4 32. Bxg4 Nd8 33. Bd4+ Kg6 34. Kf2 h5 35. Bh3 c5 36. bxc5 bxc5 37. Be5 Nc6 38. Bc7 Kf6 39. Ke3 Bd8 40. Bxd8+ Nxd8 41. Kxe4 Ne6 42. Kf3 Nc7 43. Ke4 Nb5 44. c4 Nc3+ 45. Kf3 Kg6 46. Bc8 Na4 47. f5+ Kf6 48. Kg3 Nb2 49. Be6 Nd3 50. Kh4 Nf4 51. Kg3 Nxe6 52. fxe6 Kxe6 53. Kh4 Ke5 54. Kxh5 Kd4 55. Kg6 Kxc4 56. h4 Kd4 57. h5 c4 58. h6 c3 59. h7 c2 60. h8Q+ Kd3 61. Qh3+ Kd2 62. Qg2+ Kd1 63. Qf1+ Kd2 64. Qf2+ Kc3 65. Qc5+ Kb2 66. Qb4+ Ka2 67. Qa4+ Kb2 68. Qb4+ Ka2 69. Qf4 Kb1 70. Qb4+ Ka2 1/2-1/2

[Event "GER-ch Net Amateur Gr-C Vor2"]
[Site "Playchess.com INT"]
[Date "2020.04.15"]
[Round "6"]
[White "Winkler, Andreas"]
[Black "Weckerle, Anatol"]
[Result "0-1"]
[WhiteElo "1521"]
[BlackElo "1306"]
[PlyCount "94"]
[EventDate "2020.04.15"]
[EventType "swiss (blitz)"]
[EventRounds "9"]
[EventCountry "GER"]
[SourceTitle "CBM 196 Extra"]
[Source "ChessBase"]
[SourceDate "2020.07.31"]
[SourceVersion "1"]
[SourceVersionDate "2020.07.31"]
[SourceQuality "1"]

1. e4 c5 2. Nf3 a6 3. Bc4 Nc6 4. Bxf7+ Kxf7 5. Ng5+ Ke8 6. Nc3 e6 7. d3 Nf6 8. 0-0 h6 9. Nf3 Qc7 10. g3 d6 11. Nh4 Bd7 12. Ng6 Rg8 13. Re1 e5 14. Nh4 Be6 15. Qf3 Kd7 16. Nd5 Qc8 17. Nb6+ Kc7 18. Nxc8 Rxc8 19. Nf5 Kb8 20. c3 g6 21. b3 gxf5 22. exf5 Bd5 23. Qe3 Be7 24. Qxh6 Rh8 25. Qe3 Ng4 26. Qe2 Nxh2 27. f3 Nxf3+ 28. Kf2 Rh2+ 29. Ke3 Rxe2+ 30. Rxe2 Bg5+ 31. Kf2 Bxc1 32. Rxc1 Rh8 33. Ke3 Ng5 34. Rf2 Rh3 35. Rg1 Kc7 36. c4 Bf7 37. f6 Nd4 38. Rf4 Kd7 39. Rg4 Ngf3 40. Rxd4 Nxd4 41. Kd2 Ke6 42. Rg2 Kxf6 43. g4 Kg5 44. Kc3 Bg6 45. Kb2 Rxd3 46. Ka3 Re3 47. Rf2 Rf3 0-1

[Event "SVR op"]
[Site "Lahnstein"]
[Date "2019.04.20"]
[Round "7"]
[White "Eske, Alexander"]
[Black "Weckerle, Anatol"]
[Result "1-0"]
[WhiteElo "1713"]
[BlackElo "1484"]
[PlyCount "51"]
[EventDate "2019.04.13"]
[EventType "swiss"]
[EventRounds "7"]
[EventCountry "GER"]
[SourceTitle "EXT 2021"]
[Source "ChessBase"]
[SourceDate "2020.10.23"]
[SourceVersion "1"]
[SourceVersionDate "2020.10.23"]
[SourceQuality "1"]

1. e4 c5 2. d3 Qc7 3. g3 Nc6 4. Bg2 b6 5. Nc3 e6 6. Nf3 a6 7. 0-0 Rb8 8. Re1 d6 9. Bf4 Nf6 10. e5 Nd7 11. exd6 Bxd6 12. Nd5 Qd8 13. Bxd6 Rb7 14. Nc3 Nf6 15. Bf4 Rb8 16. Bxb8 Nxb8 17. Ne5 0-0 18. Nc6 Qc7 19. Nxb8 Qxb8 20. Ne4 Nd5 21. Nc3 Bb7 22. Nxd5 Bxd5 23. Bxd5 exd5 24. Re7 Re8 25. Qe2 Qd8 26. Rxe8+ 1-0

[Event "Rheinland Pfalz op 10th"]
[Site "Nickenich"]
[Date "2018.05.31"]
[Round "1"]
[White "Weckerle, Anatol"]
[Black "Stuemer, Paul"]
[Result "0-1"]
[WhiteElo "1610"]
[BlackElo "2078"]
[PlyCount "106"]
[EventDate "2018.05.31"]
[EventType "swiss"]
[EventRounds "7"]
[EventCountry "GER"]
[SourceTitle "CBM 184 Extra"]
[Source "ChessBase"]
[SourceDate "2018.06.28"]
[SourceVersion "1"]
[SourceVersionDate "2018.06.28"]
[SourceQuality "1"]

1. c4 Nf6 2. g3 g6 3. Bg2 Bg7 4. e4 0-0 5. Ne2 c5 6. 0-0 Nc6 7. d3 d6 8. Nbc3 Bd7 9. h3 a6 10. a3 Rb8 11. Rb1 b5 12. cxb5 axb5 13. b4 cxb4 14. axb4 Qc8 15. Kh2 Qa6 16. d4 e5 17. Be3 exd4 18. Nxd4 Ne5 19. Ra1 Qc8 20. Qb3 Qc4 21. Rfd1 Rfc8 22. Nd5 Nxd5 23. exd5 Qxb3 24. Nxb3 Rc4 25. f4 Rxb4 26. Nd4 Nc4 27. Bg1 Rb2 28. Rab1 Ra2 29. Kh1 Nd2 30. Rbc1 Bxd4 31. Bxd4 Nb3 32. Rc7 Nxd4 33. Rxd7 Nf5 34. g4 Ne3 35. Rg1 Rc8 36. Re7 Rc3 37. f5 Kg7 38. fxg6 hxg6 39. g5 Rd2 40. h4 b4 41. h5 gxh5 42. g6 Kxg6 43. Be4+ Kf6 44. Re8 Ng4 45. Rf1+ Rf2 46. Bg2 b3 47. Kg1 Rcc2 48. Be4 Rce2 49. Rxf2+ Nxf2 50. Rb8 Nxe4 51. Rxb3 Kg5 52. Rf3 f5 53. Kf1 Rd2 0-1